|
|
|
|
| LEADER |
00000nam a22000007a 4500 |
| 005 |
20211221235520.0 |
| 007 |
cr|||| |||| |
| 008 |
211221s2021 pe |||||s|||| 00||0 spa d |
| 020 |
|
|
|a 978-612-4460-31-9
|
| 035 |
|
|
|a 35721
|
| 040 |
|
|
|a vLex
|
| 090 |
|
|
|c 12760
|d 12760
|
| 100 |
1 |
|
|a Ro̕s Patio, Gino
|
| 245 |
1 |
0 |
|a Criminologa̕ educativa
|h [Recurso electrn̤ico] :
|b Estrategias educativas para la prevencin̤ del crimen /
|c Gino Ro̕s Patio, Wael Hikal, Yadira Calixto Contreras
|
| 256 |
|
|
|a Servicio en ln̕ea
|
| 300 |
|
|
|a 1 recurso electrn̤ico
|
| 506 |
1 |
|
|a Disponible solo en los productos indicados
|d vLex Global
|d vLex Global (Academic Edition, excluding Law Schools)
|d vLex Global (U.S. Academic Edition, Law Schools)
|d vLex Global (U.S. Academic Edition, excluding Law Schools)
|d vLex Global (Academic Edition, Law Schools)
|
| 650 |
0 |
4 |
|a Derecho Penal
|z Per︢
|
| 700 |
1 |
|
|a Hikal, Wael
|
| 700 |
1 |
|
|a Contreras, Yadira Calixto
|
| 740 |
0 |
|
|a vLex Libros (Servicio en ln̕ea)
|
| 856 |
4 |
0 |
|u https://app.vlex.com/#/sources/35721
|z Acceso restringido
|
| 942 |
|
|
|c BOOK
|
| 999 |
0 |
|
|a Criminal law
|